[Event "Cochabamba op 6th"]
[Site "Cochabamba"]
[Date "2023.03.04"]
[Round "5"]
[White "Lilienfeld Quevedo, Daniel"]
[Black "Torrico Castro, Raikonen Dairo"]
[Result "1/2-1/2"]
[WhiteElo "1498"]
[BlackElo "1394"]
[PlyCount "98"]
[EventDate "2023.03.02"]
[EventType "swiss"]
[EventRounds "7"]
[EventCountry "BOL"]
[SourceTitle "CBM 213 Extra"]
[Source "ChessBase"]
[SourceDate "2023.05.31"]
[SourceVersion "1"]
[SourceVersionDate "2023.05.31"]
[SourceQuality "1"]

1. b3 e5 2. Bb2 Nc6 3. e3 d5 4. Bb5 Bd6 5. f4 Qe7 6. Nf3 Bg4 7. 0-0 f6 8. c4 dxc4 9. Qc2 0-0-0 10. Bxc6 bxc6 11. Qxc4 Bxf3 12. Rxf3 exf4 13. exf4 Qd7 14. Bd4 Kb8 15. b4 Ka8 16. Qa6 c5 17. bxc5 Be5 18. Bxe5 fxe5 19. Rb3 c6 20. fxe5 Ne7 21. Nc3 Rb8 22. Kh1 Qd4 23. e6 Qxc5 24. Rf1 Qe5 25. Qc4 Rhf8 26. Rxb8+ Rxb8 27. d4 Qa5 28. h3 Qg5 29. Ne4 Qe3 30. Nc5 Qg5 31. Qa6 Qd5 32. Qa4 Qd6 33. Qc4 Qg3 34. Qc2 Qd6 35. Qe4 g6 36. Qf4 Qd5 37. Qf7 Nf5 38. Na6 Ng3+ 39. Kg1 Ne2+ 40. Kh1 Ng3+ 41. Kh2 Nxf1+ 42. Qxf1 Qd6+ 43. Kg1 Qxd4+ 44. Kh1 Qd6 45. Nxb8 Kxb8 46. Qe2 Qe7 47. Qe3 Kc7 48. Qxa7+ Kd6 49. Qxe7+ Kxe7 1/2-1/2

[Event "Cochabamba op 6th"]
[Site "Cochabamba"]
[Date "2023.03.04"]
[Round "6"]
[White "Torrico Castro, Raikonen Dairo"]
[Black "Mendoza, Samantha"]
[Result "0-1"]
[WhiteElo "1394"]
[BlackElo "1701"]
[PlyCount "62"]
[EventDate "2023.03.02"]
[EventType "swiss"]
[EventRounds "7"]
[EventCountry "BOL"]
[SourceTitle "CBM 213 Extra"]
[Source "ChessBase"]
[SourceDate "2023.05.31"]
[SourceVersion "1"]
[SourceVersionDate "2023.05.31"]
[SourceQuality "1"]

1. e4 e5 2. Nf3 Nc6 3. Nc3 Nf6 4. d4 exd4 5. Nxd4 Nxd4 6. Qxd4 d6 7. Bc4 Be7 8. 0-0 0-0 9. Bf4 b6 10. Rfe1 Bb7 11. Bb3 a6 12. Rad1 Nh5 13. Bd2 Bg5 14. Bd5 Bxd2 15. Qxd2 Qc8 16. Qg5 Nf6 17. Re3 h6 18. Qh4 Bxd5 19. Nxd5 Nxd5 20. Rxd5 f5 21. Rg3 Qe6 22. h3 fxe4 23. Rh5 Rf6 24. Re3 d5 25. Qg3 Qf7 26. Re5 Rf8 27. Re2 c6 28. b3 Rg6 29. Qh2 Qf6 30. c4 Rg5 31. Rxg5 Qa1+ 0-1

[Event "Cochabamba op 6th"]
[Site "Cochabamba"]
[Date "2023.03.02"]
[Round "1"]
[White "Torrico Castro, Raikonen Dairo"]
[Black "Montevilla, Jhonny"]
[Result "1/2-1/2"]
[WhiteElo "1394"]
[BlackElo "1024"]
[PlyCount "182"]
[EventDate "2023.03.02"]
[EventType "swiss"]
[EventRounds "7"]
[EventCountry "BOL"]
[SourceTitle "CBM 213 Extra"]
[Source "ChessBase"]
[SourceDate "2023.05.31"]
[SourceVersion "1"]
[SourceVersionDate "2023.05.31"]
[SourceQuality "1"]

1. e4 e5 2. Nf3 Nc6 3. Bc4 Bc5 4. c3 Nf6 5. d4 exd4 6. cxd4 Bb4+ 7. Nc3 Nxe4 8. 0-0 Nxc3 9. bxc3 Bxc3 10. Ba3 d5 11. Rc1 Bb4 12. Bxb4 Nxb4 13. Qa4+ Nc6 14. Rfe1+ Be6 15. Bb5 0-0 16. Bxc6 bxc6 17. Qxc6 Rc8 18. Qc5 a6 19. Ne5 Qg5 20. Nc6 Rfe8 21. Re3 Kh8 22. Rce1 h5 23. Nb4 Qe7 24. Nxa6 Qxc5 25. Nxc5 Ra8 26. a3 Kg8 27. h3 Rab8 28. Nxe6 fxe6 29. Rxe6 Rxe6 30. Rxe6 Rb1+ 31. Kh2 Rd1 32. Re7 Rxd4 33. Rxc7 Ra4 34. Rd7 d4 35. g3 Kf8 36. Kg2 g6 37. Kf1 Ke8 38. Rg7 Rxa3 39. Rxg6 d3 40. Rd6 Ke7 41. Rd4 Ke6 42. Ke1 Ke5 43. Rf4 Ra2 44. Rb4 Rc2 45. g4 h4 46. g5 Kf5 47. Rxh4 Kxg5 48. Rd4 Re2+ 49. Kf1 Rd2 50. Kg2 Rd1 51. Kf3 Rh1 52. Rxd3 Rxh3+ 53. Ke2 Rh2 54. Ke3 Rh3+ 55. f3 Kf5 56. Rd5+ Ke6 57. Ra5 Rh1 58. Ke4 Re1+ 59. Kf4 Rh1 60. Rg5 Rh4+ 61. Rg4 Rh1 62. Rg6+ Kf7 63. Kf5 Rf1 64. Rg3 Rc1 65. f4 Rc5+ 66. Kg4 Kf6 67. Rd3 Rc6 68. Rh3 Rc4 69. Rh6+ Kg7 70. Rd6 Kf7 71. Kg5 Rc3 72. f5 Rg3+ 73. Kf4 Rg1 74. Rd4 Kf6 75. Rd6+ Ke7 76. Re6+ Kf7 77. Re4 Kf6 78. Re6+ Kf7 79. Re3 Kf6 80. Rf3 Rg5 81. Ke4 Rg2 82. Ke3 Rg4 83. Kd3 Ra4 84. Rf1 Ra3+ 85. Ke4 Ra4+ 86. Ke3 Ra3+ 87. Kd4 Ra4+ 88. Ke3 Ra3+ 89. Ke2 Ra5 90. Ke3 Rxf5 91. Rxf5+ Kxf5 1/2-1/2